Premier League XIs 2003-04 - Statistics

General Stats
  • This quiz has been taken 264 times
    259 since last reset
  • The average score is 63 of 220
Answer Stats
Position Answer % Correct
ST Thierry Henry Arsenal
85%
ST Andy Cole Blackburn Rovers
84%
DF Ashley Cole Arsenal
84%
MF Frank Lampard Chelsea
80%
ST Dennis Bergkamp Arsenal
79%
MF Patrick Vieira Arsenal
79%
ST Les Ferdinand Leicester City
78%
DF Rio Ferdinand Manchester United
78%
MF Steven Gerrard Liverpool
78%
DF Sol Campbell Arsenal
75%
DF Gary Neville Manchester United
74%
GK Jens Lehmann Arsenal
74%
MF Paul Scholes Manchester United
74%
MF Phil Neville Manchester United
74%
ST Ruud van Nistelrooy Manchester United
74%
DF Stephen Carr Tottenham Hotspur
74%
MF Robert Pirès Arsenal
73%
MF Ryan Giggs Manchester United
72%
DF John Terry Chelsea
71%
ST Robbie Keane Tottenham Hotspur
71%
MF Roy Keane Manchester United
71%
ST Wayne Rooney Everton
70%
MF Fredrik Ljungberg Arsenal
69%
DF Kolo Touré Arsenal
69%
DF Jamie Carragher Liverpool
68%
ST Alan Shearer Newcastle United
67%
ST Michael Owen Liverpool
67%
MF Gilberto Silva Arsenal
63%
GK Tim Howard Manchester United
62%
ST Alan Smith Leeds United
60%
GK Edwin van der Sar Fulham
59%
GK Jerzy Dudek Liverpool
59%
GK David James Manchester City
58%
MF Damien Johnson Birmingham City
56%
DF Lauren Arsenal
56%
DF Sami Hyypiä Liverpool
56%
MF Seth Johnson Leeds United
56%
DF John Arne Riise Liverpool
51%
ST Nicolas Anelka Manchester City
51%
MF James Milner Leeds United
50%
ST Emile Heskey Liverpool
49%
MF Gareth Barry Aston Villa
48%
GK Paul Robinson Leeds United
47%
MF Harry Kewell Liverpool
46%
DF John O'Shea Manchester United
46%
MF Michael Brown Tottenham Hotspur
46%
ST Dwight Yorke Blackburn Rovers
45%
DF Steve Finnan Liverpool
45%
ST Jimmy Floyd Hasselbaink Chelsea
44%
MF Claude Makélélé Chelsea
42%
ST Mark Viduka Leeds United
42%
ST Teddy Sheringham Portsmouth
42%
ST Marcus Bent Leicester City
41%
ST Kevin Davies Bolton Wanderers
40%
ST Robbie Fowler Manchester City
40%
GK Brad Friedel Blackburn Rovers
39%
GK Carlo Cudicini Chelsea
39%
ST Kevin Phillips Southampton
39%
DF Ledley King Tottenham Hotspur
39%
DF Mikael Silvestre Manchester United
39%
MF Simon Davies Tottenham Hotspur
39%
ST Louis Saha Fulham
38%
DF Luke Young Charlton Athletic
38%
GK Maik Taylor Birmingham City
38%
MF Matthew Taylor Portsmouth
38%
DF William Gallas Chelsea
38%
MF Jay-Jay Okocha Bolton Wanderers
37%
GK Shay Given Newcastle United
35%
MF David Dunn Birmingham City
34%
GK Mark Schwarzer Middlesbrough
34%
DF Aaron Hughes Newcastle United
33%
MF Dietmar Hamann Liverpool
33%
DF Dean Richards Tottenham Hotspur
32%
DF Denis Irwin Wolverhampton Wanderers
32%
DF Gareth Southgate Middlesbrough
32%
MF Gary Speed Newcastle United
32%
GK Ian Walker Leicester City
32%
MF Laurent Robert Newcastle United
32%
MF Paul Ince Wolverhampton Wanderers
32%
DF Richard Dunne Manchester City
32%
GK Jussi Jääskeläinen Bolton Wanderers
30%
DF Wayne Bridge Chelsea
30%
MF Joey Barton Manchester City
28%
MF Shaun Wright-Phillips Manchester City
28%
ST Yakubu Aiyegbeni Portsmouth
28%
DF Ian Harte Leeds United
27%
MF Kevin Nolan Bolton Wanderers
27%
ST Adrian Mutu Chelsea
26%
MF Ivan Campo Bolton Wanderers
26%
MF Jermaine Pennant Leeds United
26%
MF Kieron Dyer Newcastle United
26%
MF Sean Davis Fulham
26%
ST Juan Pablo Ángel Aston Villa
25%
DF Mario Melchiot Chelsea
24%
MF Quinton Fortune Manchester United
24%
DF Sylvain Distin Manchester City
24%
GK Thomas Sørensen Aston Villa
24%
DF Danny Mills Middlesbrough
23%
DF Markus Babbel Blackburn Rovers
23%
GK Nigel Martyn Everton
23%
DF Olof Mellberg Aston Villa
23%
MF Robbie Savage Birmingham City
23%
DF Garry Kelly Leeds United
22%
MF Jesper Grønkjær Chelsea
22%
ST Darius Vassell Aston Villa
21%
GK Dean Kiely Charlton Athletic
21%
ST James Beattie Southampton
21%
GK Kasey Keller Tottenham Hotspur
21%
DF Ronny Johnsen Aston Villa
21%
MF Thomas Gravesen Everton
21%
MF Jermaine Jenas Newcastle United
20%
MF Juninho Paulista Middlesbrough
20%
MF Lee Hendrie Aston Villa
20%
MF Matt Holland Charlton Athletic
20%
MF Tugay Kerimoğlu Blackburn Rovers
20%
DF Andy O'Brien Newcastle United
19%
ST Mikael Forssell Birmingham City
19%
ST Paulo Di Canio Charlton Athletic
19%
ST Tomasz Radzinski Everton
18%
DF Tony Hibbert Everton
18%
DF Anthony Gardner Tottenham Hotspur
17%
MF Boudewijn Zenden Middlesbrough
17%
ST Paul Dickov Leicester City
17%
MF Steed Malbranque Fulham
17%
MF Darren Anderton Tottenham Hotspur
16%
DF David Unsworth Everton
16%
DF Kenny Cunningham Birmingham City
16%
DF Lucas Neill Blackburn Rovers
16%
MF Patrik Berger Portsmouth
16%
ST Clinton Morrison Birmingham City
15%
DF Dominic Matteo Leeds United
15%
MF Kevin Kilbane Everton
15%
DF Mark Fish Charlton Athletic
15%
DF Matthew Upson Birmingham City
15%
MF Muzzy Izzet Leicester City
15%
DF Nicky Hunt Bolton Wanderers
15%
GK Shaka Hislop Portsmouth
15%
ST Shola Ameobi Newcastle United
15%
MF Youri Djorkaeff Bolton Wanderers
15%
DF Alan Stubbs Everton
14%
DF Colin Cooper Middlesbrough
14%
MF Igor Biscan Liverpool
14%
ST Joseph-Désiré Job Middlesbrough
14%
MF Lee Clark Fulham
14%
MF Steve Stone Portsmouth
14%
MF Trevor Sinclair Manchester City
14%
MF Brett Emerton Blackburn Rovers
13%
MF Claus Jensen Charlton Athletic
13%
ST Frederic Kanouté Tottenham Hotspur
13%
DF Jlloyd Samuel Aston Villa
13%
DF Joseph Yobo Everton
13%
DF Linvoy Primus Portsmouth
13%
MF Gaizka Mendieta Middlesbrough
12%
ST Jason Euell Charlton Athletic
12%
DF Mark Delaney Aston Villa
12%
MF Thomas Hitzlsperger Aston Villa
12%
DF Arjan De Zeeuw Portsmouth
11%
DF Craig Short Blackburn Rovers
11%
MF George Boateng Middlesbrough
11%
MF Geremi Chelsea
11%
ST Henri Camara Wolverhampton Wanderers
11%
MF Luis Boa Morte Fulham
11%
DF Michael Duberry Leeds United
11%
DF Olivier Bernard Newcastle United
11%
MF Stan Lazaridis Birmingham City
11%
DF Bruno N'Gotty Bolton Wanderers
10%
DF Gary Naysmith Everton
10%
DF Mauricio Taricco Tottenham Hotspur
10%
DF Simon Charlton Bolton Wanderers
10%
MF Alex Rae Wolverhampton Wanderers
9%
GK Antti Niemi Southampton
9%
DF Ben Thatcher Leicester City
9%
MF Colin Cameron Wolverhampton Wanderers
9%
DF Dejan Stefanović Portsmouth
9%
MF Doriva Middlesbrough
9%
MF Graham Stuart Charlton Athletic
9%
DF Hermann Hreiðarsson Charlton Athletic
9%
ST James Scowcroft Leicester City
9%
DF Jihai Sun Manchester City
9%
DF Nikos Dabizas Leicester City
9%
MF Paul Bosvelt Manchester City
9%
MF Per Frandsen Bolton Wanderers
9%
MF Rory Delap Southampton
9%
MF Sylvain Legwinski Fulham
9%
DF Titus Bramble Newcastle United
9%
DF Alain Goma Fulham
8%
MF Alexei Smertin Portsmouth
8%
DF Chris Perry Charlton Athletic
8%
DF Claus Lundekvam Southampton
8%
DF Emerson Thome Bolton Wanderers
8%
MF Fabrice Fernandes Southampton
8%
DF Jason Dodd Southampton
8%
DF Jody Craddock Wolverhampton Wanderers
8%
MF Jordan Stewart Leicester City
8%
MF Mark Kennedy Wolverhampton Wanderers
8%
MF Michael Tarnat Manchester City
8%
MF Stephen Clemence Birmingham City
8%
DF Zat Knight Fulham
8%
DF Michael Svensson Southampton
7%
DF Paul Telfer Southampton
7%
MF Peter Whittingham Aston Villa
7%
MF Radostin Kishishev Charlton Athletic
7%
MF Shaun Newton Wolverhampton Wanderers
7%
DF Steven Caldwell Leeds United
7%
MF Amdy Faye Portsmouth
6%
DF Andy Todd Blackburn Rovers
6%
MF David Prutton Southampton
6%
DF Franck Queudrue Middlesbrough
6%
MF Garry Flitcroft Blackburn Rovers
6%
GK Michael Oakes Wolverhampton Wanderers
6%
DF Moritz Volz Fulham
6%
DF Danny Higginbotham Southampton
5%
DF Jamie Clapham Birmingham City
5%
DF Lee Naylor Wolverhampton Wanderers
5%
MF Martin Djetou Fulham
4%
DF Paul Butler Wolverhampton Wanderers
4%
DF Riccy Scimeca Leicester City
4%
MF Vratislav Greško Blackburn Rovers
4%
DF John Curtis Leicester City
3%
MF Tobias Linderoth Everton
3%
No matching quizzes found
Score Distribution
Percent of People with Each Score
Percentile by Number Answered
Your Score History
You have not taken this quiz since the last reset